| 000 | 00722cam a22002531 4500 | ||
|---|---|---|---|
| 999 |
_c8685 _d8685 |
||
| 001 | 8685 | ||
| 003 | BD-JhCC | ||
| 005 | 20180301113538.0 | ||
| 008 | 880504s1962 pk a 000 0 eng | ||
| 035 | _a(BD-JhCC)8685 | ||
| 035 | _a(OCoLC)17893375 | ||
| 040 |
_aDLC _cWaU _dCU _dDLC _dBD-JhCC |
||
| 041 | _aeng | ||
| 050 | 0 | 0 |
_aHC440.5 _b.R2 1962 |
| 082 | _bRAH 1962 | ||
| 100 | 1 | _aRahman, Hafiz Habibur. | |
| 245 | 1 | 0 |
_aPakistan economics, _bwith a summary of 2nd five year plan. |
| 250 | _a[2d ed.] Thoroughly rev., enl. & brought up-to-date. | ||
| 260 |
_aDacca, _bIdeal Publications _c[1962] |
||
| 300 |
_a382 p. _billus. _c18 cm. |
||
| 651 | 0 |
_aPakistan _xEconomic conditions. |
|
| 942 |
_2ddc _cBK |
||